[Event "Tenerife-chT3 1718"]
[Site "Tenerife"]
[Date "2017.11.11"]
[Round "1.3"]
[White "Chirinos Rodriguez, Jonathan Edu"]
[Black "Oudeh Mishmesh, Omar"]
[Result "1-0"]
[WhiteElo "1536"]
[BlackElo "1259"]
[PlyCount "113"]
[EventDate "2017.11.11"]
[EventType "team-tourn"]
[EventRounds "18"]
[EventCountry "ESP"]
[SourceTitle "EXT 2019"]
[Source "ChessBase"]
[SourceDate "2018.10.10"]
[SourceVersion "1"]
[SourceVersionDate "2018.10.10"]
[SourceQuality "1"]
[WhiteTeam "El Sauzal Gofio Plus"]
[BlackTeam "Al Shah Mat los Realejos IV"]
[WhiteTeamCountry "ESP"]
[BlackTeamCountry "ESP"]

1. e4 e6 2. d4 d5 3. Nc3 Bb4 4. e5 c5 5. a3 Bxc3+ 6. bxc3 Qc7 7. Qg4 f5 8. Qh5+ g6 9. Qh4 cxd4 10. Qxd4 Nc6 11. Bb5 Bd7 12. Bxc6 Qxc6 13. Ne2 Qc4 14. Qxc4 dxc4 15. Nd4 0-0-0 16. f4 Ne7 17. Kf2 Nd5 18. Bd2 Kc7 19. Rhb1 Rhe8 20. a4 Bc6 21. a5 h6 22. Nb5+ Bxb5 23. Rxb5 Kc6 24. Rb2 Nc7 25. Be3 Nd5 26. Bxa7 Ra8 27. Be3 b6 28. Ra4 b5 29. Ra3 Ra6 30. g3 Rea8 31. Rba2 Nxe3 32. Kxe3 Kc5 33. h3 Rb8 34. Rb2 b4 35. Ra4 b3 36. Kd2 Rd8+ 37. Kc1 Rb8 38. Ra3 Rb5 39. cxb3 cxb3 40. Rbxb3 Rxb3 41. Rxb3 Rxa5 42. Kc2 Ra2+ 43. Rb2 Ra8 44. Rb7 Ra2+ 45. Rb2 Ra8 46. Kd3 Rd8+ 47. Ke2 Kc4 48. Rd2 Rb8 49. Rd6 Re8 50. Kd2 Re7 51. Ra6 Kd5 52. Kd3 Kc5 53. Rd6 Re8 54. Rd7 Rh8 55. Re7 Rd8+ 56. Ke3 Kd5 57. Rc7 1-0

[Event "Tenerife-chT Primera 1516"]
[Site "Tenerife"]
[Date "2016.02.27"]
[Round "8.4"]
[White "Mansino Febles, Eusebio Valentin"]
[Black "Chirinos Rodriguez, Jonathan Edu"]
[Result "0-1"]
[WhiteElo "1594"]
[BlackElo "1494"]
[PlyCount "32"]
[EventDate "2015.12.12"]
[EventType "team-tourn"]
[EventRounds "14"]
[EventCountry "ESP"]
[SourceTitle "EXT 2019"]
[Source "ChessBase"]
[SourceDate "2018.10.10"]
[SourceVersion "1"]
[SourceVersionDate "2018.10.10"]
[SourceQuality "1"]
[WhiteTeam "La Victoria 94"]
[BlackTeam "El Sauzal II"]
[WhiteTeamCountry "ESP"]
[BlackTeamCountry "ESP"]

1. e4 c6 2. d4 d5 3. e5 Bf5 4. Bf4 e6 5. Nf3 Nd7 6. Be2 Ne7 7. 0-0 c5 8. c3 Nc6 9. a3 a5 10. Be3 Qb6 11. b3 cxd4 12. cxd4 Rc8 13. Nc3 Ncxe5 14. Nxe5 Rxc3 15. Nxd7 Kxd7 16. Qd2 Rc2 0-1

[Event "Tenerife-chT Segunda"]
[Site "Tenerife"]
[Date "2015.05.23"]
[Round "13.1"]
[White "Chirinos Rodriguez, Jonathan Edu"]
[Black "Fernandez, Kosara"]
[Result "0-1"]
[WhiteElo "1496"]
[BlackElo "1848"]
[PlyCount "60"]
[EventDate "2015.01.24"]
[EventType "swiss"]
[EventRounds "13"]
[EventCountry "ESP"]
[SourceTitle "EXT 2024"]
[Source "ChessBase"]
[SourceDate "2023.10.10"]
[SourceVersion "1"]
[SourceVersionDate "2023.10.10"]
[SourceQuality "1"]
[WhiteTeam "El Sauzal Libreria Barco III"]
[BlackTeam "Benito"]
[WhiteTeamCountry "ESP"]
[BlackTeamCountry "ESP"]

1. e4 Nc6 2. d4 d5 3. exd5 Qxd5 4. c3 Nf6 5. Nf3 Bg4 6. Nbd2 e6 7. Bc4 Qh5 8. h3 Bxf3 9. Nxf3 0-0-0 10. Qe2 Bd6 11. 0-0 h6 12. Re1 g5 13. Ne5 Qxe2 14. Rxe2 Bxe5 15. dxe5 Rd1+ 16. Kh2 Nd7 17. Bb3 Rd3 18. f4 gxf4 19. Bxf4 h5 20. Rd1 Nc5 21. Bg5 Rg8 22. h4 a6 23. Bc2 Rxd1 24. Bxd1 Nd3 25. Rd2 Ndxe5 26. Bxh5 Rh8 27. Bd1 Nc4 28. Rf2 Nd6 29. Bb3 Ne4 30. Bf6 Rh6 0-1

[Event "Santa Cruz de Tenerife Primavera op"]
[Site "Santa Cruz de Tenerife"]
[Date "2015.03.16"]
[Round "3"]
[White "Rodriguez Redondo, Ethan"]
[Black "Chirinos Rodriguez, Jonathan Edu"]
[Result "1-0"]
[WhiteElo "1765"]
[BlackElo "1487"]
[PlyCount "35"]
[EventDate "2015.03.10"]
[EventType "swiss"]
[EventRounds "9"]
[EventCountry "ESP"]
[SourceTitle "CBM 165 Extra"]
[Source "ChessBase"]
[SourceDate "2015.04.21"]
[SourceVersion "1"]
[SourceVersionDate "2015.04.21"]
[SourceQuality "1"]

1. Nf3 Nf6 2. d4 d5 3. Bg5 e6 4. Nbd2 Be7 5. Bxf6 Bxf6 6. e4 dxe4 7. Nxe4 Be7 8. Bd3 Nd7 9. Qe2 b6 10. 0-0-0 Bb7 11. Kb1 Qc8 12. Rhe1 0-0 13. h4 c5 14. Nfg5 Nf6 15. Nxf6+ Bxf6 16. Bxh7+ Kh8 17. Qh5 Bxg5 18. hxg5 1-0

[Event "Tenerife-chT Primera"]
[Site "Tenerife"]
[Date "2015.02.28"]
[Round "4.4"]
[White "Chirinos Rodriguez, Jonathan Edu"]
[Black "Rodriguez Perez, Jose Eulogio"]
[Result "0-1"]
[WhiteElo "1496"]
[BlackElo "1334"]
[PlyCount "136"]
[EventDate "2015.01.24"]
[EventType "swiss"]
[EventRounds "14"]
[EventCountry "ESP"]
[SourceTitle "EXT 2024"]
[Source "ChessBase"]
[SourceDate "2023.10.10"]
[SourceVersion "1"]
[SourceVersionDate "2023.10.10"]
[SourceQuality "1"]
[WhiteTeam "El Sauzal Libreria Barco II"]
[BlackTeam "Valledrez"]
[WhiteTeamCountry "ESP"]
[BlackTeamCountry "ESP"]

1. e4 c5 2. Nf3 g6 3. d4 e6 4. Be3 Bg7 5. c3 Qb6 6. Qd2 Nf6 7. dxc5 Qc7 8. Bd3 Ng4 9. Bf4 Qxc5 10. h3 Ne5 11. Nxe5 Bxe5 12. Be3 Qc7 13. 0-0 0-0 14. Na3 a6 15. f4 Bd6 16. Nc4 Bc5 17. Rad1 b5 18. Ne5 Be7 19. Bc2 f6 20. Nf3 Nc6 21. f5 Ne5 22. Nxe5 Qxe5 23. Bd4 Qc7 24. fxg6 hxg6 25. Qh6 Rf7 26. Bxf6 Qc5+ 27. Bd4 Qh5 28. Qxh5 gxh5 29. Rxf7 Kxf7 30. Rf1+ Ke8 31. Bd1 h4 32. Bf6 Bb7 33. Bxe7 Kxe7 34. Rf4 Rh8 35. Kf2 e5 36. Rg4 Kf6 37. Bc2 d6 38. g3 Bc6 39. Rxh4 Rxh4 40. gxh4 Kg6 41. Kg3 Kh5 42. Bd1+ Kg6 43. Bf3 Kh6 44. Kg4 Bd7+ 45. Kg3 Be6 46. a3 Bb3 47. Bg4 Bc2 48. Bf3 Bb3 49. Bg4 a5 50. Bd7 Bc2 51. Kf3 Bd3 52. Ke3 Bc4 53. b3 Bxb3 54. Bxb5 Kh5 55. Bd7 Bc4 56. a4 Kxh4 57. Bb5 Bb3 58. Kd3 Kxh3 59. c4 Kg4 60. Kc3 Bd1 61. Kd3 Kf4 62. Bc6 Bf3 63. Bd5 Bg2 64. Bc6 Bf1+ 65. Kc3 Ke3 66. c5 dxc5 67. Kb3 Kd4 68. Bd5 c4+ 0-1

[Event "Tenerife-chT Segunda"]
[Site "Tenerife"]
[Date "2015.01.31"]
[Round "2.1"]
[White "Chirinos Rodriguez, Jonathan Edu"]
[Black "Sanchez Martin, Jacobo"]
[Result "0-1"]
[WhiteElo "1496"]
[BlackElo "1796"]
[PlyCount "62"]
[EventDate "2015.01.24"]
[EventType "swiss"]
[EventRounds "13"]
[EventCountry "ESP"]
[SourceTitle "EXT 2024"]
[Source "ChessBase"]
[SourceDate "2023.10.10"]
[SourceVersion "1"]
[SourceVersionDate "2023.10.10"]
[SourceQuality "1"]
[WhiteTeam "El Sauzal Libreria Barco III"]
[BlackTeam "Universidad II"]
[WhiteTeamCountry "ESP"]
[BlackTeamCountry "ESP"]

1. e4 e5 2. Nf3 Nc6 3. Bb5 d6 4. 0-0 Be7 5. d4 exd4 6. Qxd4 Bf6 7. e5 dxe5 8. Bxc6+ bxc6 9. Qxd8+ Kxd8 10. Re1 Bf5 11. Nxe5 Bxe5 12. Rxe5 Bxc2 13. Rc5 Bxb1 14. Rxb1 Ne7 15. Bf4 Rb8 16. Rd1+ Kc8 17. Re1 Nd5 18. Bg3 Kd7 19. Rec1 Rb6 20. Be5 f6 21. Bd4 Ra6 22. a3 Re8 23. Kf1 Re6 24. f3 Nf4 25. R5c2 Rd6 26. Be3 Nd3 27. Rd1 Ra5 28. Ke2 Rad5 29. Rcd2 Nxb2 30. Rxd5 Rxd5 31. Rxd5+ cxd5 0-1

[Event "Tenerife-chT Primera"]
[Site "Tenerife"]
[Date "2015.01.24"]
[Round "1.4"]
[White "Lozano Marques, Manuel"]
[Black "Chirinos Rodriguez, Jonathan Edu"]
[Result "0-1"]
[WhiteElo "1581"]
[BlackElo "1496"]
[PlyCount "80"]
[EventDate "2015.01.24"]
[EventType "swiss"]
[EventRounds "14"]
[EventCountry "ESP"]
[SourceTitle "EXT 2024"]
[Source "ChessBase"]
[SourceDate "2023.10.10"]
[SourceVersion "1"]
[SourceVersionDate "2023.10.10"]
[SourceQuality "1"]
[WhiteTeam "Casa de Venezuela"]
[BlackTeam "El Sauzal Libreria Barco II"]
[WhiteTeamCountry "ESP"]
[BlackTeamCountry "ESP"]

1. e4 c6 2. d4 d5 3. Nc3 dxe4 4. Nxe4 Bf5 5. Ng3 Bg6 6. Nf3 Nd7 7. Nh4 e6 8. Nxg6 hxg6 9. Bc4 Ngf6 10. Qd3 Qc7 11. Bd2 0-0-0 12. 0-0-0 Ne5 13. Qe2 Rxd4 14. Bb3 c5 15. Bc3 Rxd1+ 16. Rxd1 Nc6 17. h3 Be7 18. Ne4 Nxe4 19. Qxe4 Bf6 20. Bxf6 gxf6 21. c3 Rd8 22. a3 Rxd1+ 23. Bxd1 Qe5 24. Bc2 Qxe4 25. Bxe4 Kd7 26. Bxc6+ Kxc6 27. b3 Kd5 28. Kd2 f5 29. Ke3 b5 30. g3 f6 31. h4 e5 32. Kd3 e4+ 33. Ke3 a5 34. Kd2 Ke5 35. Ke3 b4 36. cxb4 cxb4 37. axb4 axb4 38. Ke2 f4 39. g4 f5 40. g5 f3+ 0-1

[Event "Santa Cruz de Tenerife op 25th"]
[Site "Santa Cruz de Tenerife"]
[Date "2014.12.26"]
[Round "8"]
[White "Redondo Terron, Eva"]
[Black "Chirinos Rodriguez, Jonathan Edu"]
[Result "0-1"]
[WhiteElo "1033"]
[BlackElo "1496"]
[PlyCount "74"]
[EventDate "2014.12.15"]
[EventType "swiss"]
[EventRounds "9"]
[EventCountry "ESP"]
[SourceTitle "CBM 164 Extra"]
[Source "ChessBase"]
[SourceDate "2015.03.02"]
[SourceVersion "1"]
[SourceVersionDate "2015.03.02"]
[SourceQuality "1"]

1. e4 c6 2. Nf3 d5 3. e5 Bf5 4. d4 e6 5. Bd3 Bxd3 6. Qxd3 Nd7 7. 0-0 Ne7 8. Nc3 c5 9. Be3 Nf5 10. Bg5 Qc7 11. Rfe1 h6 12. Be3 Nxe3 13. fxe3 Be7 14. b3 cxd4 15. exd4 Bb4 16. Nb5 Qc6 17. Rec1 a6 18. c3 Be7 19. Nd6+ Bxd6 20. exd6 Qxd6 21. Re1 Rc8 22. Rac1 b5 23. b4 0-0 24. a3 Nb6 25. Re2 Nc4 26. Ra1 Rc7 27. Rc2 Qf4 28. a4 Qe3+ 29. Qxe3 Nxe3 30. Re2 Rxc3 31. axb5 axb5 32. h3 Rfc8 33. Kf2 Nf5 34. g4 Rxf3+ 35. Kxf3 Nxd4+ 36. Kf2 Nxe2 37. Kxe2 Rc4 0-1

[Event "Santa Cruz de Tenerife op 25th"]
[Site "Santa Cruz de Tenerife"]
[Date "2014.12.23"]
[Round "7"]
[White "Chirinos Rodriguez, Jonathan Edu"]
[Black "Rodriguez Redondo, Ethan"]
[Result "0-1"]
[WhiteElo "1496"]
[BlackElo "1755"]
[PlyCount "48"]
[EventDate "2014.12.15"]
[EventType "swiss"]
[EventRounds "9"]
[EventCountry "ESP"]
[SourceTitle "CBM 164 Extra"]
[Source "ChessBase"]
[SourceDate "2015.03.02"]
[SourceVersion "1"]
[SourceVersionDate "2015.03.02"]
[SourceQuality "1"]

1. e4 c5 2. Nf3 e6 3. g3 Nc6 4. Bg2 Nf6 5. Qe2 d6 6. 0-0 Be7 7. Rd1 0-0 8. d4 cxd4 9. Nxd4 a6 10. a4 Qc7 11. c3 Bd7 12. Nd2 Rac8 13. N2f3 Rfd8 14. Bg5 h6 15. Bxf6 Bxf6 16. Nc2 Na5 17. Ne3 Nb3 18. Ra3 Nc5 19. Ng4 Be7 20. Qc2 Bc6 21. e5 dxe5 22. Nfxe5 Bxg2 23. Kxg2 h5 24. Nxf7 Kxf7 0-1

[Event "Santa Cruz de Tenerife Autumn op"]
[Site "Santa Cruz de Tenerife"]
[Date "2014.11.10"]
[Round "7"]
[White "Chirinos Rodriguez, Jonathan Edu"]
[Black "Perez Perez, Gabriel"]
[Result "1/2-1/2"]
[WhiteElo "1538"]
[BlackElo "1534"]
[PlyCount "75"]
[EventDate "2014.10.27"]
[EventType "swiss"]
[EventRounds "9"]
[EventCountry "ESP"]
[SourceTitle "CBM 163 Extra"]
[Source "ChessBase"]
[SourceDate "2014.12.23"]
[SourceVersion "1"]
[SourceVersionDate "2014.12.23"]
[SourceQuality "1"]

1. e4 c6 2. Nf3 d5 3. exd5 cxd5 4. Ne5 Nf6 5. d4 e6 6. Nd2 Be7 7. Bd3 0-0 8. 0-0 a6 9. a4 Nc6 10. c3 Bd7 11. Re1 Rc8 12. Ndf3 Nxe5 13. Nxe5 Be8 14. Qe2 Nd7 15. Qh5 g6 16. Qe2 Bf6 17. Bh6 Bg7 18. Qd2 Nxe5 19. dxe5 f5 20. Bxg7 Kxg7 21. f4 Bc6 22. Kh1 d4 23. c4 Qd7 24. b3 Rfd8 25. Rad1 b5 26. axb5 axb5 27. cxb5 Bxb5 28. Bxb5 Qxb5 29. Qb2 d3 30. Rd2 Rc7 31. Red1 Rcd7 32. Qc3 Rd4 33. g3 Qd5+ 34. Kg1 Qf3 35. b4 Qe3+ 36. Kh1 Kh6 37. b5 Qf3+ 38. Kg1 1/2-1/2

[Event "Santa Cruz de Tenerife Verano op"]
[Site "Santa Cruz de Tenerife"]
[Date "2014.08.29"]
[Round "3"]
[White "Rodriguez Falcon, Jesus Manuel"]
[Black "Chirinos Rodriguez, Jonathan Edu"]
[Result "1-0"]
[WhiteElo "1983"]
[BlackElo "1427"]
[PlyCount "55"]
[EventDate "2014.08.25"]
[EventType "swiss"]
[EventRounds "9"]
[EventCountry "ESP"]
[SourceTitle "CBM 162 Extra"]
[Source "ChessBase"]
[SourceDate "2014.10.17"]
[SourceVersion "1"]
[SourceVersionDate "2014.10.17"]
[SourceQuality "1"]

1. Nf3 Nf6 2. c4 c6 3. d4 d5 4. Nc3 dxc4 5. a4 Bf5 6. e3 e6 7. Bxc4 Bb4 8. 0-0 0-0 9. Qe2 Nbd7 10. e4 Bg4 11. e5 Nd5 12. Ne4 h6 13. h3 Bh5 14. g4 Bg6 15. g5 hxg5 16. Bxg5 Be7 17. Bd2 Rc8 18. Rac1 c5 19. Bxd5 exd5 20. Nc3 c4 21. Rfe1 Bd3 22. Qe3 Nb8 23. e6 Rc6 24. exf7+ Rxf7 25. Ne5 Re6 26. Nxf7 Rxe3 27. Nxd8 Rxe1+ 28. Rxe1 1-0

[Event "Tenerife-chT Primera 1314"]
[Site "Tenerife"]
[Date "2014.03.15"]
[Round "10.4"]
[White "Castilla Arteaga, Carlos David"]
[Black "Chirinos Rodriguez, Jonathan Edu"]
[Result "1-0"]
[WhiteElo "1743"]
[BlackElo "1364"]
[PlyCount "93"]
[EventDate "2013.12.14"]
[EventType "team-tourn"]
[EventRounds "14"]
[EventCountry "ESP"]
[SourceTitle "EXT 2015"]
[Source "ChessBase"]
[SourceDate "2014.11.20"]
[SourceVersion "1"]
[SourceVersionDate "2014.11.20"]
[SourceQuality "1"]
[WhiteTeam "La Gomera"]
[BlackTeam "El Sauzal Libreria Barco II"]
[WhiteTeamCountry "ESP"]
[BlackTeamCountry "ESP"]

1. e4 c6 2. Nc3 d5 3. Nf3 Bg4 4. h3 Bxf3 5. Qxf3 e6 6. exd5 cxd5 7. Bb5+ Nc6 8. 0-0 Nf6 9. d3 Be7 10. Ne2 0-0 11. Bxc6 bxc6 12. Bg5 Qb6 13. Rab1 h6 14. Bxf6 Bxf6 15. c3 c5 16. Rfd1 Rac8 17. d4 c4 18. Ng3 Rfe8 19. Nh5 Be7 20. Qg4 g6 21. Re1 Kh7 22. Nf4 Bf6 23. Qf3 Qc7 24. Nxe6 fxe6 25. Qxf6 Qe7 26. Qxe7+ Rxe7 27. Re5 Kg7 28. Kf1 Kf7 29. Ke2 Rb8 30. Kd2 Rb6 31. Kc2 a5 32. b3 Reb7 33. Ree1 Kf6 34. bxc4 Rxb1 35. Rxb1 Rxb1 36. Kxb1 dxc4 37. Kb2 Kf5 38. Kc2 Ke4 39. Kd2 Kf4 40. Ke2 Ke4 41. g3 g5 42. f3+ Kf5 43. Ke3 h5 44. g4+ Kg6 45. Ke4 hxg4 46. hxg4 Kf6 47. f4 1-0

[Event "Tenerife-ch Juniors"]
[Site "Laguna-Cotelec"]
[Date "2014.03.15"]
[Round "8.4"]
[White "Chirinos Rodriguez, Jonathan Edu"]
[Black "Pozo Vinuesa, Ana"]
[Result "0-1"]
[WhiteElo "1381"]
[BlackElo "1469"]
[PlyCount "56"]
[EventDate "2014.02.21"]
[EventType "swiss"]
[EventRounds "9"]
[EventCountry "ESP"]
[SourceTitle "EXT 2024"]
[Source "ChessBase"]
[SourceDate "2023.10.10"]
[SourceVersion "1"]
[SourceVersionDate "2023.10.10"]
[SourceQuality "1"]

1. e4 c5 2. d4 cxd4 3. c3 dxc3 4. Nxc3 Nc6 5. Nf3 g6 6. Bc4 Bg7 7. 0-0 Nf6 8. Qe2 d6 9. Rd1 Qc7 10. Bf4 Bg4 11. Rac1 Rc8 12. Nd5 Qb8 13. Nxf6+ Bxf6 14. Bh6 Rc7 15. h3 Bxf3 16. Qxf3 Ne5 17. Bb5+ Kd8 18. Qb3 g5 19. f4 gxf4 20. Bxf4 Qc8 21. Be3 b6 22. Qd5 Rg8 23. Rxc7 Qxc7 24. Bf4 Qc5+ 25. Qxc5 bxc5 26. Be3 Kc7 27. b4 Rb8 28. Be2 Rxb4 0-1

[Event "Tenerife-ch Juniors"]
[Site "Laguna-Cotelec"]
[Date "2014.03.07"]
[Round "5.1"]
[White "Villavicencio Sanchez, Pedro"]
[Black "Chirinos Rodriguez, Jonathan Edu"]
[Result "1-0"]
[WhiteElo "1747"]
[BlackElo "1381"]
[PlyCount "47"]
[EventDate "2014.02.21"]
[EventType "swiss"]
[EventRounds "9"]
[EventCountry "ESP"]
[SourceTitle "EXT 2024"]
[Source "ChessBase"]
[SourceDate "2023.10.10"]
[SourceVersion "1"]
[SourceVersionDate "2023.10.10"]
[SourceQuality "1"]

1. e4 e6 2. d4 d5 3. Nd2 dxe4 4. Nxe4 Bd7 5. Nf3 Bc6 6. Bd3 Nd7 7. 0-0 Ngf6 8. Ned2 Be7 9. Nc4 Bxf3 10. Qxf3 c6 11. Bf4 0-0 12. Rad1 Nd5 13. Qh3 N7f6 14. Be5 Re8 15. c3 h6 16. Ne3 Nxe3 17. fxe3 Qd7 18. Rf3 Qd8 19. Rdf1 c5 20. Bxf6 Bxf6 21. Rxf6 gxf6 22. Qxh6 f5 23. Rf3 f6 24. Rg3+ 1-0

[Event "Tenerife-ch Juniors"]
[Site "Laguna-Cotelec"]
[Date "2014.03.05"]
[Round "3.3"]
[White "Chirinos Rodriguez, Jonathan Edu"]
[Black "Pozo Vinuesa, Pedro"]
[Result "1/2-1/2"]
[WhiteElo "1381"]
[BlackElo "1556"]
[PlyCount "67"]
[EventDate "2014.02.21"]
[EventType "swiss"]
[EventRounds "9"]
[EventCountry "ESP"]
[SourceTitle "EXT 2024"]
[Source "ChessBase"]
[SourceDate "2023.10.10"]
[SourceVersion "1"]
[SourceVersionDate "2023.10.10"]
[SourceQuality "1"]

1. e4 c6 2. Nf3 d5 3. exd5 cxd5 4. Ne5 Nf6 5. d4 Nc6 6. Bb5 Bd7 7. Nxd7 Qxd7 8. 0-0 e6 9. c3 Bd6 10. Nd2 0-0 11. Nf3 Rac8 12. Re1 a6 13. Bd3 h6 14. Ne5 Qc7 15. Qe2 Rfe8 16. Bf4 Bxe5 17. dxe5 Nd7 18. Qe3 Qb6 19. Qg3 Kf8 20. Rab1 Nc5 21. Be3 d4 22. Bxd4 Nxd4 23. cxd4 Nxd3 24. Qxd3 Red8 25. Red1 g6 26. Qe3 h5 27. Rd2 Rc4 28. Rbd1 Qc6 29. h3 Qd5 30. b3 Rc7 31. Qd3 Rcd7 32. Qc4 Qe4 33. Re2 Qf4 34. Red2 1/2-1/2

[Event "Tenerife-ch Juniors"]
[Site "Laguna-Cotelec"]
[Date "2014.03.01"]
[Round "2.5"]
[White "Rodriguez Sabater, Lucia Iris"]
[Black "Chirinos Rodriguez, Jonathan Edu"]
[Result "0-1"]
[WhiteElo "1305"]
[BlackElo "1381"]
[PlyCount "103"]
[EventDate "2014.02.21"]
[EventType "swiss"]
[EventRounds "9"]
[EventCountry "ESP"]
[SourceTitle "EXT 2024"]
[Source "ChessBase"]
[SourceDate "2023.10.10"]
[SourceVersion "1"]
[SourceVersionDate "2023.10.10"]
[SourceQuality "1"]

1. e4 c6 2. d4 d5 3. exd5 cxd5 4. Nf3 Nf6 5. Nc3 Bg4 6. Bf4 Nc6 7. Bb5 e6 8. h3 Bh5 9. g4 Bg6 10. Ne5 Rc8 11. Qe2 Bd6 12. Bg5 Be7 13. 0-0-0 Ne4 14. Bxe7 Nxc3 15. Bxd8 Nxe2+ 16. Bxe2 Nxe5 17. Bb5+ Kxd8 18. dxe5 Rxc2+ 19. Kb1 Rc5+ 20. Bd3 Bxd3+ 21. Rxd3 Ke7 22. Rb3 b6 23. Rc1 Rhc8 24. Rbc3 Rxc3 25. Rxc3 Rxc3 26. bxc3 Kd7 27. Kb2 b5 28. Kb3 a5 29. a4 Kc6 30. f4 Kc5 31. axb5 Kxb5 32. f5 a4+ 33. Kc2 Kc4 34. Kb2 a3+ 35. Kxa3 Kxc3 36. fxe6 fxe6 37. Ka2 Kd4 38. Kb2 Kxe5 39. Kc2 Kf4 40. Kd2 e5 41. Ke2 Ke4 42. Kd2 Kf3 43. Ke1 e4 44. g5 d4 45. Kd1 Kf2 46. Kd2 e3+ 47. Kd3 e2 48. Kxd4 e1Q 49. Kd5 Kf3 50. h4 Qe4+ 51. Kd6 Kf4 52. h5 0-1

[Event "Santa Cruz de Tenerife Once"]
[Site "Santa Cruz de Tenerife"]
[Date "2014.01.29"]
[Round "8"]
[White "Chirinos Rodriguez, Jonathan Edu"]
[Black "Montilla Bejarano, Carmen"]
[Result "1-0"]
[WhiteElo "1364"]
[BlackElo "1193"]
[PlyCount "90"]
[EventDate "2014.01.17"]
[EventType "tourn"]
[EventRounds "9"]
[EventCountry "ESP"]
[SourceTitle "EXT 2016"]
[Source "ChessBase"]
[SourceDate "2015.10.08"]
[SourceVersion "1"]
[SourceVersionDate "2015.10.08"]
[SourceQuality "1"]

1. e4 e5 2. Nf3 Nc6 3. d4 Nf6 4. Bg5 Qe7 5. Nc3 Qb4 6. Bxf6 gxf6 7. dxe5 fxe5 8. a3 Qxb2 9. Nb5 Kd8 10. Bc4 Bb4+ 11. Kf1 Nd4 12. Nbxd4 exd4 13. axb4 Qxb4 14. Qxd4 Re8 15. Qf6+ Qe7 16. Qxe7+ Rxe7 17. Bd3 a5 18. g3 a4 19. Ra3 Ra5 20. Kg2 b5 21. Rb1 c5 22. Rxb5 Rxb5 23. Bxb5 Rxe4 24. Rxa4 Rxa4 25. Bxa4 Bb7 26. g4 Ke7 27. Kg3 Kf6 28. Bxd7 Be4 29. c3 Ke7 30. Bf5 Bxf5 31. gxf5 Kd6 32. Kf4 f6 33. Ke4 c4 34. Kd4 h5 35. Kxc4 h4 36. Kb5 h3 37. Kb6 Kd5 38. Kb5 Ke4 39. Ng1 Kxf5 40. Nxh3 Kg4 41. Ng1 f5 42. c4 Kf4 43. c5 Ke4 44. c6 Kd3 45. c7 Kd2 1-0

[Event "Santa Cruz de Tenerife Once"]
[Site "Santa Cruz de Tenerife"]
[Date "2014.01.24"]
[Round "6"]
[White "Chirinos Rodriguez, Jonathan Edu"]
[Black "Garcia Lorenzo, Jaime"]
[Result "0-1"]
[WhiteElo "1364"]
[BlackElo "1205"]
[PlyCount "126"]
[EventDate "2014.01.17"]
[EventType "tourn"]
[EventRounds "9"]
[EventCountry "ESP"]
[SourceTitle "EXT 2016"]
[Source "ChessBase"]
[SourceDate "2015.10.08"]
[SourceVersion "1"]
[SourceVersionDate "2015.10.08"]
[SourceQuality "1"]

1. e4 e5 2. Nf3 Nc6 3. Bb5 a6 4. Bxc6 dxc6 5. d4 exd4 6. Qxd4 Qxd4 7. Nxd4 Bc5 8. Nb3 Bb6 9. Bf4 Nf6 10. Nc3 0-0 11. 0-0 c5 12. Rfe1 c4 13. Nd2 Nh5 14. Be3 Bxe3 15. Rxe3 b5 16. Nd5 Ra7 17. a4 Bd7 18. axb5 Bxb5 19. Rea3 c6 20. Nb6 Rd8 21. Nbxc4 Nf4 22. Re3 Ne6 23. Rd3 Nd4 24. Kf1 Rad7 25. c3 Nc2 26. Rxd7 Rxd7 27. Rd1 Bxc4+ 28. Kg1 Be2 29. Rc1 Rxd2 30. f3 Ne3 31. Kf2 Nd1+ 32. Ke1 Rxb2 33. c4 Ne3 34. Kf2 Nxc4 35. Re1 Bd1+ 36. Kg3 Be2 37. Ra1 Ne3 38. Kf2 Nd1+ 39. Kg3 h5 40. Rc1 Rb6 41. Rc2 Bb5 42. Rd2 Ne3 43. Rd8+ Kh7 44. Rd7 f5 45. e5 c5 46. Rc7 Nd5 47. Rxc5 Rg6+ 48. Kf2 Nf4 49. Ke3 Nxg2+ 50. Kd4 Nf4 51. Ke3 Ne6 52. Rd5 Rg2 53. Rd6 f4+ 54. Ke4 Re2+ 55. Kf5 Nf8 56. Kxf4 Rxh2 57. e6 Ng6+ 58. Kf5 h4 59. Kg4 Bf1 60. Rd1 Rg2+ 61. Kf5 Rg1 62. Rd4 h3 63. Re4 Bd3 0-1

[Event "Tenerife-chT Segunda 1314"]
[Site "Tenerife"]
[Date "2014.01.18"]
[Round "3.1"]
[White "Perez Garcia, Saul"]
[Black "Chirinos Rodriguez, Jonathan Edu"]
[Result "0-1"]
[WhiteElo "1451"]
[BlackElo "1364"]
[PlyCount "156"]
[EventDate "2013.12.14"]
[EventType "team-tourn"]
[EventRounds "15"]
[EventCountry "ESP"]
[SourceTitle "EXT 2015"]
[Source "ChessBase"]
[SourceDate "2014.11.20"]
[SourceVersion "1"]
[SourceVersionDate "2014.11.20"]
[SourceQuality "1"]
[WhiteTeam "Casa de Venezuela Escuela II"]
[BlackTeam "El Sauzal Libreria Barco"]
[WhiteTeamCountry "ESP"]
[BlackTeamCountry "ESP"]

1. d4 Nf6 2. Bg5 e6 3. e4 Be7 4. e5 Nd5 5. Bxe7 Nxe7 6. Nf3 c5 7. c3 Nbc6 8. g3 cxd4 9. cxd4 Qb6 10. b3 Qb4+ 11. Qd2 d5 12. Qxb4 Nxb4 13. Na3 0-0 14. Bg2 Bd7 15. 0-0 Rac8 16. Rfd1 Nc2 17. Nxc2 Rxc2 18. Rdc1 Rfc8 19. Rxc2 Rxc2 20. a3 f6 21. b4 a6 22. h4 Nc6 23. exf6 gxf6 24. Re1 Rc3 25. Re3 Rc1+ 26. Kh2 Rd1 27. Bh3 Kf7 28. Rc3 Ke7 29. Rc2 Kd6 30. Rd2 Rxd2 31. Nxd2 Nxd4 32. Kg2 Nc2 33. Nb1 e5 34. Bxd7 Kxd7 35. Kf3 Kd6 36. Ke2 Nd4+ 37. Ke3 b6 38. Kd3 Nb5 39. f3 Ke6 40. a4 Nd6 41. g4 d4 42. Nd2 Kd5 43. Ne4 Ke6 44. Nd2 h6 45. Ne4 a5 46. b5 Nb7 47. Kc4 Nd6+ 48. Kd3 Ne8 49. Kc4 Ng7 50. g5 fxg5 51. hxg5 hxg5 52. Nxg5+ Kf5 53. Nh3 Ke6 54. Nf2 Nf5 55. Ne4 Ne3+ 56. Kd3 Kd5 57. Nf6+ Ke6 58. Ne4 Nd1 59. Kc2 Ne3+ 60. Kd3 Nf5 61. Ng5+ Kd5 62. Nf7 Nh4 63. Ng5 Kc5 64. Ne4+ Kb4 65. Nd6 Nxf3 66. Ke4 Ne1 67. Kxe5 d3 68. Ne4 Kxa4 69. Kd4 Kxb5 70. Nc3+ Kb4 71. Na2+ Kb3 72. Nc3 a4 73. Nb1 a3 74. Nxa3 Kxa3 75. Kc3 b5 76. Kd2 Kb2 77. Kxe1 Kc2 78. Kf2 d2 0-1